000
00275nam a2200121Ia 4500
008
220204s9999 xx 000 0 und d
082
_a
681.3
_b
BIT
100
_a
Bitter, Gary G
245
0
_a
Basic for beginners
250
_a
Ed.2
260
_a
Delhi
_b
TMH
_c
1980
942
_c
BK
999
_c
39302
_d
39302